| 000 | 00744nam a2200241 i 4500 | ||
|---|---|---|---|
| 001 | 850013 | ||
| 003 | OSt | ||
| 005 | 20150408114146.0 | ||
| 008 | 790702s1979 maua b 001 0 eng | ||
| 010 | _a 78071865 | ||
| 040 |
_aDLC _cDLC _dDLC |
||
| 050 | 0 | 0 |
_aLB1576 _b.D33 |
| 082 | 0 | 0 |
_a372.6044 _222 _bHTT |
| 100 | 1 |
_aHedge, Tricia _938750 |
|
| 245 | 1 | 0 |
_aTeaching and learning the language Classroom / _cHedge, Tricia |
| 260 |
_aBoston : _bLittle, Brown, _cc1979. |
||
| 300 |
_axvii, 538 p. : _bill. ; _c25 cm. |
||
| 500 | _aIncludes index. | ||
| 504 | _aFilmography, discography, and bibliography: p. 485-528. | ||
| 650 | 0 |
_aLanguage arts (Elementary) _938751 |
|
| 906 |
_a7 _bcbc _corignew _d2 _eopcn _f19 _gy-gencatlg |
||
| 942 |
_2ddc _cBOOK |
||
| 999 |
_c31635 _d266135 |
||